MARC

LEADER 00000nam0a2200000 4500
001 24861
005 20231030200447.0
010 |a 593378012X 
035 |a (RuTPU)RU\TPU\book\25093 
035 |a BOOK00025166 
090 |a 24861 
100 |a 20011209d2000 km y0rusy50 ca 
101 0 |a rus 
102 |a RU 
105 |a y g 000zy 
200 1 |a Стандарты вычислительных сетей  |e Справочник  |f В. К. Щербо 
210 |a Москва  |c Кудиц-Образ  |d 2000 
215 |a 268 с. 
320 |a Библиогр.: с. 263-264 
510 1 |a Взаимосвязи сетей 
610 1 |a вычислительные сети 
610 1 |a стандарты 
610 1 |a информация 
610 1 |a передача 
610 1 |a Internet 
610 1 |a профили 
610 1 |a локальные сети 
610 1 |a региональные сети 
610 1 |a протоколы 
610 1 |a сетевые архитектуры 
610 1 |a цифровые сети 
610 1 |a справочники 
675 |a 681.324(03)  |v 3 
700 1 |a Щербо  |b В. К.  |g Владимир Кириллович 
801 0 |a RU  |b 63413507  |c 20011209  |g PSBO 
801 2 |a RU  |b 63413507  |c 20100818  |g PSBO 
942 |c BK